Learning agrobiodiversity : (Record no. 1317)
[ view plain ]
| 000 -LEADER | |
|---|---|
| fixed length control field | 00516cam a2200133 a 4500 |
| 020 ## - INTERNATIONAL STANDARD BOOK NUMBER | |
| International Standard Book Number | 9789290438144 |
| 050 00 - LIBRARY OF CONGRESS CALL NUMBER | |
| Classification number | S494.5.A43 |
| Item number | R43 2009 |
| 245 10 - TITLE STATEMENT | |
| Title | Learning agrobiodiversity : |
| Remainder of title | options for universities in sub-Saharan Africa : proceedings of a regional workshop, 21-23 January 2009, Nairobi, Kenya / |
| Statement of responsibility, etc. | Per Rudebjer ... [et al.] editors. |
| 260 ## - PUBLICATION, DISTRIBUTION, ETC. (IMPRINT) | |
| Place of publication, distribution, etc. | Rome, Italy : |
| Name of publisher, distributor, etc. | Bioversity International, |
| Date of publication, distribution, etc. | c2009. |
| 300 ## - PHYSICAL DESCRIPTION | |
| Extent | xi, 118 p. : |
| 650 #0 - SUBJECT ADDED ENTRY--TOPICAL TERM | |
| General subdivision | Study and teaching |
| Form subdivision | Congresses. |
| 700 1# - ADDED ENTRY--PERSONAL NAME | |
| Personal name | Rudebjer, Per. |
| 942 ## - ADDED ENTRY ELEMENTS (KOHA) | |
| Koha item type | General circulation |
| Withdrawn status | Lost status | Source of classification or shelving scheme | Damaged status | Not for loan | Home library | Current library | Date acquired | Cost, normal purchase price | Total Checkouts | Full call number | Date last seen | Copy number | Cost, replacement price | Koha item type | Public note | Barcode | Price effective from | Shelving location | Source of acquisition |
|---|---|---|---|---|---|---|---|---|---|---|---|---|---|---|---|---|---|---|---|
| Library of Congress Classification | Kitui Town Campus Library | Kitui Town Campus Library | 24/04/2015 | 4958.13 | S 494.5.A43 R43 | 24/04/2015 | 5458.00 | General circulation | dm | 2026/029441 | General Stacks | Donation | |||||||
| Library of Congress Classification | Kitui Town Campus Library | Kitui Town Campus Library | 18/05/2015 | 4958.13 | S 494.5.A43 R43 | 06/04/2019 | 5458.00 | General circulation | dm | 2026/029442 | General Stacks | Donation | |||||||
| Library of Congress Classification | Main Campus Library | Main Campus Library | 20/08/2014 | 4958.13 | S494.5.A43 R43 2009 | 20/08/2014 | C1 | 5458.00 | General circulation | leo | |||||||||
| Library of Congress Classification | Main Campus Library | Main Campus Library | 21/08/2014 | 4958.13 | S494.5.A43 R43 2009 | 21/08/2014 | C2 | 5458.00 | General circulation | leo | 2019/023377 | 21/08/2014 | |||||||
| Library of Congress Classification | Main Campus Library | Main Campus Library | 21/08/2014 | 4958.13 | S494.5.A43 R43 2009 | 21/08/2014 | C4 | 5458.00 | General circulation | leo | 2019/023379 | ||||||||
| Library of Congress Classification | Main Campus Library | Main Campus Library | 21/08/2014 | 4958.13 | S494.5.A43 R43 2009 | 21/08/2014 | C5 | 5458.00 | General circulation | leo | 2019/023378 | ||||||||
| Library of Congress Classification | Main Campus Library | Main Campus Library | 21/08/2014 | 4958.13 | S494.5.A43 R43 2009 | 21/08/2014 | C3 | 5458.00 | General circulation | leo | 2019/023376 | ||||||||
| Library of Congress Classification | Main Campus Library | Main Campus Library | 21/08/2014 | 4958.13 | S494.5.A43 R43 2009 | 21/08/2014 | C6 | 5458.00 | General circulation | leo | 2019/023375 | ||||||||
| Library of Congress Classification | Main Campus Library | Main Campus Library | 30/10/2020 | S 494.5.A43 R43 2009 | 30/10/2020 | General circulation | 2019/023568 | 30/10/2020 |